000 00601nam a2200241 a 4500
001 0001-1351
003 ELIB.Books
008 151021 2010 eng
020 _a0800626966
035 _a(ELIB.Books)0001-1506
092 _bCho
100 _aChopp, Rebecca S.
245 _aReconstructing Chrisitian Theology
260 _aMinneapolis
_bFortress Press
_c1994
300 _a384
_c23 Cm
500 _aC/o par Si Thu
650 _aTheology
856 _nKBTS: Library
_uKBTS: Elib
942 _2ddc
_cBK
990 _a1
998 _cbat
_e2015-10-21
999 _c11351
_d11351